Lokalradiosender in NRW - Statistiken

Allgemein
  • Dieses Quiz wurde 70 mal gespielt
  • Das Durchschnittsergebnis liegt bei 9 aus 45
Antwortstatistiken
Sitz Sendegebiet Sender % Korrekt
Essen Essen Radio Essen
45%
Bielefeld Bielefeld Radio Bielefeld
43%
Köln Köln Radio Köln
43%
Bochum Bochum Radio Bochum
40%
Duisburg Duisburg Radio Duisburg
38%
Bonn Bonn, Rhein-Sieg-Kreis Radio Bonn/Rhein-Sieg
36%
Hagen Hagen Radio Hagen
33%
Leverkusen Leverkusen Radio Leverkusen
33%
Münster Münster Radio Münster
33%
Wuppertal Wuppertal Radio Wuppertal
33%
Dortmund Dortmund Radio 91.2
29%
Detmold Kreis Lippe Radio Lippe
29%
Oberhausen Oberhausen Radio Oberhausen
28%
Kürten Oberbergischer Kreis, Rheinisch-Bergischer Kreis Radio Berg
24%
Unna Kreis Unna Antenne Unna
22%
Euskirchen Kreis Euskirchen Radio Euskirchen
22%
Gütersloh Kreis Gütersloh Radio Gütersloh
22%
Herne Herne Radio Herne
22%
Oberhausen Mülheim Radio Mülheim
22%
Düren Kreis Düren Radio Rur
22%
Herford Kreis Herford Radio Herford
21%
Iserlohn Märkischer Kreis Radio MK
21%
Siegen Kreis Siegen-Wittgenstein Radio Siegen
21%
Würselen Städteregion Aachen Antenne AC
19%
Wesseling Rhein-Erft-Kreis Radio Erft
19%
Meschede Hochsauerlandkreis Radio Sauerland
19%
Hagen Ennepe-Ruhr-Kreis Radio Ennepe-Ruhr
16%
Paderborn Kreis Paderborn, Kreis Höxter Radio Hochstift
16%
Mettmann Kreis Mettmann Radio Neandertal
16%
Düsseldorf Düsseldorf Antenne Düsseldorf
14%
Dülmen Kreis Coesfeld Radio Kiepenkerl
14%
Warendorf Kreis Warendorf Radio WAF
14%
Gelsenkirchen Gelsenkirchen, Bottrop, Gladbeck Radio Emscher-Lippe
12%
Borken Kreis Borken Radio WMW
12%
Neuss Rhein-Kreis-Neuss NE-WS 89.4
10%
Recklinghausen Kreis Recklinghausen (ohne Gladbeck) Radio Vest
10%
Soest Kreis Soest Hellweg Radio
9%
Mönchengladbach Mönchengladbach Radio 90,1 Mönchengladbach
9%
Wesel Kreis Wesel Radio K.W.
9%
Hamm Hamm Radio Lippe Welle Hamm
9%
Krefeld Kreis Viersen, Krefeld Welle Niederrhein
9%
Kleve Kreis Kleve Antenne Niederrhein
7%
Solingen Remscheid, Solingen Radio RSG
7%
Rheine Kreis Steinfurt Radio RST
7%
Minden Kreis Minden-Lübbecke Radio Westfalica
5%
Keine übereinstimmenden Quizze gefunden
Verteilung der Resultate
Anzahl Personen mit jedem Resultat
Perzentil nach korrekt beantworteten Fragen
Ihre Resultats-Entwicklung
Sie haben dieses Quiz noch nicht gespielt